000 01088nas a2200361 4500
001 BR0304914
003 BR-BrBNA
005 20231205104107.0
007 ta
008 230509b bl.|||p| |||| 00| 00por d
040 _aBR-BrBNA
_bpor
_cBiblioteca Nacional de Agricultura
041 _a(Pt)
072 _aL73; L70
100 1 _aResende, R.J.
100 1 _aBeletti, M.E.
100 1 _aMachado, E.R.
100 1 _aFonseca, N.M.
100 1 _aMundim, A.V.
100 1 _aMelo, L.C.
100 1 _aLima, C.A. de P.
245 1 _aEfeitos do mel e dos aminoácidos com levulose e dos com proteolisados de fígado na hepatotoxicidade aguda induzida por tetracloreto de carbono em camundongos
650 _aCAMUNDONGO
650 _aFÍGADO
650 _aTETRACLORETO DE CARBONO
650 _aAMINOÁCIDO
650 _aMEL
650 _aPROTEÓLISE
650 _aMEDICAMENTO
650 _aTOXIDEZ
773 0 _tArs Veterinária (Brazil)
_xISSN 0102-6380
_g(Apr 2003), v. 19(1) p. 104-109
_wBR0304914
909 _a202311
_bLúcia
_c55
_dLúcia Elande
942 _2AGRIS
_n0
_cANA
999 _c176313
_d176313